00497nam a2200193 a 4500001001300000003000900013005001700022008004100039020001000080082001700090100002100107245003700128260004200165300000800207500003500215505001000250650002200260700002100282nice12345678IN_TiNIC20260116011930.0050524s1962 alia grp 000 0 urd  ac10000a891.41bSHA8 aShameem, Karhani aIntekhab-E-Kalam Shameem Karhani aAligarhbAnjuman Taraqqi-E-Urduc1962 a64p aincludes index and biblioraphy2 aNotes aUrdu-Poetry-zafar1 aShameem, Karhani